000 00650nam a22001937a 4500
005 20251108172104.0
008 250721s2000 xx 000 0 ara d
082 1 4 _a618.97/فيل
100 1 _aفيلينتشيك، ميخاءيل ماركوفيتش
_eتأليف
245 1 0 _aالأسس البيولوجية للشيخوخة و طول العمر /
264 1 _aبيروت :
_bدار الكتاب الجديد المتحدة،
_c2000.
300 _a263 ص
650 1 7 _aالشيخوخة
650 1 7 _aالأمراض
650 1 7 _aالصحة
700 1 _aجبور، زهير إبراهيم
_eترجمة
942 _2ddc
_cBK
999 _c70172
_d70172